000 01073cam a22003131 4500
001 4295
003 FISKH
005 20240715081306.0
008 751126s1963 nyua j 000 1 eng
010 _a 63009632
020 _a9780142408889
040 _aDLC
_cWa
_dDLC
_beng
042 _alcac
050 _aPZ7.S68524
082 _a813.54
100 1 _aSobol, Donald J.,
_d1924-2012.
245 1 0 _aEncyclopedia Brown, boy detective.
_cby Donald J. Sobol ; Illustrated by Leonard Shortall.
260 _aNew York :
_bPuffin Books,
_c1963
300 _a88 pages :
_billustrations ;
_c20 cm
505 _aO 600
520 _aFifth-grader "Encyclopedia" Leroy Brown solves ten mysteries and, by putting the solutions at the back of the book, challenges the reader to do the same.
521 8 _a600
_bLexile
521 8 _aO
_bRaz-Plus
650 1 _aMystery and detective stories.
_2 Chapter Book Series
700 _aShortall, Leonard
_eillustrator
906 _a7
_bcbc
_corignew
_du
_eocip
_f19
_gy-gencatlg
942 _2ddc
_cBK
_n0
999 _c4295
_d4295